01539nam a2200361Ic 450000100060000000300100000600500170001600700030003300800410003602000180007704000350009504100080013008200130013810000460015124501550019725000370035226400570038930000530044633600270049933700330052633800280055949000370058750001340062465000430075865000380080165000390083965000340087870000950091274000120100794200120101999900170103195201290104858328CO-BoRNBP20250821202932.0ta180815s9999 xx 000 0 und d a9788430937967 aCO-BoRNBPbspaerdacCO-BoRNBP aspa0 a194 D27d aDescartes, René,d1596-1650eaut96293710aDiscurso del método y meditaciones metafísicas /cRené Descartes ; edición de Olga Fernández Prat ; traducción de Manuel García Morente. aPrimera edición, reimpresión 1aMadrid Tecnos :b[Publicador no identificado],c2017 a239 páginas :bilustraciones en blanco y negro atextobtxt2rdacontent asin mediaciónbn2rdamedia avolumenbnc2rdacarrier0 aLos esenciales de la filosofía aIncluye glosario \ Incluye bibliografía en páginas 61-64 \ Incluye datos biográficos del autor en la parte inical del libro07aFilosofía de la ciencia2LEMB91534107aFilosofía francesa2lemb91482107aMetodologia Cientifica2LEMB9917607aTeoria Del Conocimiento2LEMB aGarcía Morente, Manuel \ Fernández Prat, Olga \ Fernández Prat, Olga. Editora9629380 aEditora 2ddccBK c58328d58328 00102ddc40708GENaMEMAPJGAbMEMAPJGAcGENd2025-08-21l0o194 D27dpMPJG00568r2025-08-21 20:31:01tEj.1w2025-08-21yBK